15 ways to change 'fire' Quiz Stats

 Plays Quiz not verified by Sporcle

Challenge
Share
Tweet
Embed
Score 0/15 Timer 03:00
0 Plays Today
Hint Answer % Correct
Opposite of fired.Hire
96.7%
'We are in a ____ situation.'Dire
93.4%
'Shoot. Let's go to the car dealership, the back left ____ is flat.'Tire
93.4%
1, 2, 3, 4, ____, 6, 7, 8, 9, 10.Five
82%
Goes in a folder.File
80.3%
Other name for swampMire
77%
'___! Look out! golf ball coming in!'Fore
77%
'We ____ you $5343 for speeding.'Fine
77%
Hint Answer % Correct
Gaelic name for ireland.Eire
75.4%
'Yes, lord, ____'Sire
73.8%
'Sir, you don't have enough ____ to go on this train.'Fare
63.9%
A robot has ____'s.Wire
62.3%
A shrill flute.Fife
52.5%
'I am going to be very ____ about this.'Firm
39.3%
On upper part of glacier, has not been crushed into ice.Firn
24.6%

You're not logged in!

Compare scores with friends on all Sporcle quizzes.
OR
Log In

You Might Also Like...

Show Comments

Extras

Created Apr 6, 2015ReportNominate
Tags:changing, fire

Top Quizzes Today


Score Distribution

Your Account Isn't Verified!

In order to create a playlist on Sporcle, you need to verify the email address you used during registration. Go to your Sporcle Settings to finish the process.

Report this User

Report this user for behavior that violates our Community Guidelines.

Details: